[Event "I Torneo Puente Foral"]
[Site "?"]
[Date "2006.12.05"]
[Round "3.1"]
[White "Gonzalez Menendez, Ivan"]
[Black "Rizouk, Aimen"]
[Result "0-1"]
[WhiteElo "2420"]
[BlackElo "2438"]
[PlyCount "158"]
[EventDate "2006.12.04"]

1. e4 e5 2. Nf3 Nc6 3. d4 exd4 4. Nxd4 Nf6 5. Nxc6 bxc6 6. e5 Qe7 7. Qe2 Nd5 8.
c4 Nb6 9. Nc3 a5 10. Bd2 Ba6 11. Qe4 g6 12. Bd3 Bg7 13. O-O O-O 14. Rae1 Rfe8
15. b3 Qxe5 16. Qf3 Qd4 17. Ne2 Qc5 18. Bf4 d5 19. Bxc7 dxc4 20. bxc4 Nxc4 21.
Rc1 Nd2 22. Qf4 Qd5 23. Bxa6 Rxa6 24. Rfe1 Raa8 25. Ng3 Qxa2 26. Red1 Nb3 27.
Rxc6 Nd4 28. Rcc1 Ne6 29. Qf3 a4 30. h4 Nd4 31. Qf4 Ne6 32. Qf3 Rac8 33. Rd7
Nxc7 34. Rcxc7 Rxc7 35. Rxc7 Qb3 36. Qc6 Rf8 37. Ra7 a3 38. Qa6 Bb2 39. h5 Qd1+
40. Kh2 Qd4 41. Kg1 Re8 42. h6 Qd1+ 43. Nf1 Qd5 44. Ne3 Qe6 45. Qa4 Kf8 46.
Qb4+ Kg8 47. Qa4 Rd8 48. Ra8 Qe7 49. Qe4 Qf8 50. Rxd8 Qxd8 51. Qc4 Qa8 52. Qa2
Qf8 53. Ng4 Qc8 54. Qd5 Qc1+ 55. Kh2 Qc8 56. Ne5 Bxe5+ 57. Qxe5 Qf8 58. Qe3 a2
59. Qc1 Qd6+ 60. g3 Kf8 61. Qc8+ Ke7 62. Qb7+ Ke6 63. Qc8+ Kf6 64. Qc3+ Ke7 65.
Qa5 Qe6 66. Qc7+ Ke8 67. Qb8+ Kd7 68. Qb7+ Kd6 69. Qb6+ Kd5 70. Qb5+ Kd4 71.
Qb2+ Kd3 72. Qa3+ Kc2 73. Qc5+ Kd1 74. Qd4+ Ke2 75. Kg1 Qb3 76. Kg2 Qf3+ 77.
Kg1 a1=R+ 78. Qxa1 Qxf2+ 79. Kh1 Qf1+ 0-1

[Event "I Torneo Puente Foral"]
[Site "?"]
[Date "2006.12.05"]
[Round "3.2"]
[White "Navarro Cia, Miguel"]
[Black "Mindeguia Guruceaga, Juan J"]
[Result "1-0"]
[WhiteElo "2297"]
[BlackElo "2207"]
[PlyCount "61"]
[EventDate "2006.12.04"]

1. e4 e5 2. Nf3 Nf6 3. Nxe5 d6 4. Nf3 Nxe4 5. Nc3 Nxc3 6. dxc3 Be7 7. Bf4 O-O
8. Qd2 Nd7 9. O-O-O Nc5 10. h4 c6 11. h5 Be6 12. h6 g6 13. Qd4 Bf6 14. Qe3 Bd5
15. c4 Re8 16. Qa3 Bxf3 17. gxf3 Bg5 18. Bxg5 Qxg5+ 19. Kb1 a5 20. Qc3 Qe5 21.
Qd2 a4 22. a3 Rad8 23. Bh3 Qf6 24. Bg4 Re5 25. Ka2 d5 26. Qa5 d4 27. f4 Ree8
28. Qxc5 Qxf4 29. Rdg1 d3 30. cxd3 Rxd3 31. Rd1 1-0

[Event "I Torneo Puente Foral"]
[Site "?"]
[Date "2006.12.05"]
[Round "3.3"]
[White "Navarrete Delgado, Sergio"]
[Black "Huerga Leache, Mikel"]
[Result "1-0"]
[WhiteElo "2211"]
[BlackElo "2315"]
[PlyCount "63"]
[EventDate "2006.12.04"]

1. e4 c5 2. Nf3 e6 3. c3 Nf6 4. e5 Nd5 5. d4 cxd4 6. cxd4 d6 7. Bc4 Nc6 8. O-O
Be7 9. Qe2 Nb6 10. Bb3 d5 11. Bd2 Bd7 12. Nc3 a5 13. a4 O-O 14. Bc2 Nb4 15. Bb1
f5 16. exf6 Bxf6 17. h4 Qe8 18. Re1 Qh5 19. g3 Kh8 20. Bf4 Nc6 21. Nb5 Be7 22.
Ng5 Qxe2 23. Rxe2 Bxg5 24. hxg5 Nxa4 25. Rxa4 Na7 26. Nc3 Bxa4 27. Nxa4 Nb5 28.
Be5 Rac8 29. Bd3 Rc1+ 30. Kg2 Na7 31. Nc5 Nc6 32. Nb3 1-0

[Event "I Torneo Puente Foral"]
[Site "?"]
[Date "2006.12.05"]
[Round "3.4"]
[White "Ducret, Thomas"]
[Black "Rada Equiza, Miguel"]
[Result "1/2-1/2"]
[WhiteElo "2206"]
[BlackElo "2258"]
[PlyCount "33"]
[EventDate "2006.12.04"]

1. d4 f5 2. e4 fxe4 3. Nc3 Nf6 4. Bg5 Nc6 5. Nh3 e5 6. d5 Nd4 7. Nxe4 Be7 8.
Bxf6 Bxf6 9. c3 Nf5 10. g4 Nd6 11. Nxd6+ cxd6 12. g5 Be7 13. Bd3 g6 14. Qc2 Qa5
15. Be4 b5 16. O-O Ba6 17. a3 $11 1/2-1/2

[Event "I Torneo Puente Foral"]
[Site "?"]
[Date "2006.12.05"]
[Round "3.5"]
[White "Tissir, Mohamed"]
[Black "Cuartas, Jaime Alexander"]
[Result "1/2-1/2"]
[WhiteElo "2490"]
[BlackElo "2477"]
[PlyCount "21"]
[EventDate "2006.12.04"]

1. e4 c5 2. Nf3 Nc6 3. d4 cxd4 4. Nxd4 Nf6 5. Nc3 e6 6. a3 Be7 7. Be3 O-O 8.
Be2 d5 9. exd5 Nxd5 10. Nxd5 Qxd5 11. Nxc6 1/2-1/2

[Event "I Torneo Puente Foral"]
[Site "?"]
[Date "2006.12.05"]
[Round "3.1"]
[White "Mombiela Martinez, Gonzalo"]
[Black "Martinez Salas, Imanol"]
[Result "1/2-1/2"]
[WhiteElo "2109"]
[BlackElo "1956"]
[PlyCount "51"]
[EventDate "2006.12.04"]

1. Nc3 d5 2. e4 dxe4 3. Nxe4 Bf5 4. Ng3 Bg6 5. Nf3 Nf6 6. d4 Nbd7 7. Bc4 e6 8.
O-O c5 9. d5 exd5 10. Bxd5 Nxd5 11. Qxd5 Be7 12. Qxb7 Bxc2 13. Bf4 O-O 14. Rac1
Bd3 15. Rfd1 c4 16. Ne5 Nxe5 17. Bxe5 Bf6 18. Bxf6 Qxf6 19. b3 Rfb8 20. Qd5 Rd8
21. Qb7 Rdb8 22. Qd7 Rd8 23. Qc7 cxb3 24. axb3 Bg6 25. Rxd8+ Qxd8 26. h3 $11
1/2-1/2

[Event "I Torneo Puente Foral"]
[Site "?"]
[Date "2006.12.05"]
[Round "3.2"]
[White "Sola Plaza, Gregorio"]
[Black "Burguete Archel, Eduardo"]
[Result "1/2-1/2"]
[WhiteElo "2102"]
[BlackElo "2151"]
[PlyCount "70"]
[EventDate "2006.12.04"]

1. e4 e5 2. f4 exf4 3. Bc4 d5 4. Bxd5 Nf6 5. Nc3 Nxd5 6. Nxd5 g5 7. d3 c6 8.
Nc3 Qf6 9. h4 h6 10. Qe2 Bg7 11. Bd2 Na6 12. hxg5 hxg5 13. e5 Qxe5 14. Qxe5+
Bxe5 15. Rxh8+ Bxh8 16. Ne4 f6 17. Bc3 Kf7 18. Nxg5+ fxg5 19. Bxh8 Nb4 20. Kd2
Nd5 21. Bd4 b6 22. c4 Nc7 23. Nf3 c5 24. Nxg5+ Kg6 25. Be5 Kxg5 26. Bxc7 Bb7
27. Rf1 Rf8 28. Rf2 Kg4 29. Ke1 Kg3 30. Kf1 Rf7 31. Bb8 Bc6 32. Bd6 Rf6 33. Bb8
Rf7 34. Bd6 Rf6 35. Bb8 Rf7 1/2-1/2

[Event "I Torneo Puente Foral"]
[Site "?"]
[Date "2006.12.05"]
[Round "3.3"]
[White "Argaya Urdaniz, Miguel"]
[Black "Monje Peinado, Roberto"]
[Result "0-1"]
[WhiteElo "2054"]
[BlackElo "2066"]
[PlyCount "64"]
[EventDate "2006.12.04"]

1. e4 c5 2. d4 cxd4 3. c3 dxc3 4. Nxc3 d6 5. Bc4 Nc6 6. Nf3 e6 7. O-O Nf6 8.
Qe2 a6 9. Rd1 Qc7 10. Bf4 Be7 11. e5 dxe5 12. Nxe5 Nxe5 13. Bxe5 Qc6 14. Rac1
O-O 15. Bd3 Qe8 16. Qf3 Bd7 17. Qh3 h6 18. Bb1 Bc6 19. Rd3 Kh8 20. g4 Ng8 21.
g5 Bxg5 22. f4 Bf6 23. Rg3 Bxe5 24. fxe5 f5 25. Ne2 Qd8 26. Rg6 Qb6+ 27. Kf1
Qxb2 28. Bd3 Qxe5 29. Rc4 Bb5 30. Rd4 Rad8 31. Rxd8 Rxd8 32. Bxb5 axb5 0-1

[Event "I Torneo Puente Foral"]
[Site "?"]
[Date "2006.12.05"]
[Round "3.1"]
[White "Zamarbide Iñarrea, Daniel"]
[Black "Argandoña Salinas, Gorka"]
[Result "1/2-1/2"]
[WhiteElo "2015"]
[BlackElo "2105"]
[PlyCount "140"]
[EventDate "2006.12.04"]

1. e4 e6 2. Nf3 d5 3. Nc3 Nf6 4. e5 Ne4 5. d4 Bb4 6. Bd2 Nxd2 7. Qxd2 c5 8. a3
Qa5 9. Rb1 cxd4 10. axb4 dxc3 11. Qxc3 Qd8 12. Bd3 Nc6 13. Bb5 Qb6 14. Bxc6+
Qxc6 15. Qxc6+ bxc6 16. Nd4 Bb7 17. Ra1 a6 18. c3 Kd7 19. Nb3 Kc7 20. Nc5 Kb6
21. Ra5 Bc8 22. O-O f6 23. f4 Rf8 24. g4 fxe5 25. fxe5 Rxf1+ 26. Kxf1 Ra7 27.
Kg2 Rf7 28. Ra1 h6 29. h4 g6 30. b3 Kb5 31. Nd3 Rf8 32. Rf1 Rxf1 33. Kxf1 g5
34. hxg5 hxg5 35. Ke2 a5 36. bxa5 Kxa5 37. Ke3 Ba6 38. Nc5 Bc8 39. Kd4 Kb5 40.
b4 Kb6 41. Ke3 Kb5 42. Kd3 Kb6 43. Kc2 Ba6 44. Kd2 Bc8 45. Ke3 Kb5 46. Kd4 Kb6
47. Ke3 Kb5 48. Kd3 Kb6 49. Kd4 Kc7 50. Na4 Ba6 51. Nc5 Bc8 52. Ke3 Kb6 53. Kd2
Kb5 54. Kd3 Kb6 55. Kc2 Kb5 56. Kb3 Kb6 57. Ka4 Ba6 58. Nxe6 Bb5+ 59. Kb3 Be2
60. Ng7 Bd1+ 61. Ka3 Bxg4 62. e6 c5 63. e7 Bd7 64. e8=Q Bxe8 65. Nxe8 d4 66.
cxd4 cxd4 67. Kb3 g4 68. Nf6 g3 69. Nd5+ Kb5 70. Nf4 d3 1/2-1/2

[Event "I Torneo Puente Foral"]
[Site "?"]
[Date "2006.12.05"]
[Round "3.3"]
[White "Iza Abete, Amaia"]
[Black "Ojer Lora, Iker"]
[Result "1-0"]
[WhiteElo "2025"]
[BlackElo "2123"]
[PlyCount "53"]
[EventDate "2006.12.04"]

1. e4 e6 2. d4 d5 3. e5 c5 4. c3 Nc6 5. Nf3 Qb6 6. a3 cxd4 7. cxd4 Bd7 8. b4 a6
9. Nc3 f6 10. Na4 Qc7 11. Bf4 Nge7 12. Rc1 b6 13. exf6 Qxf4 14. fxe7 Bxe7 15.
Nxb6 Ra7 16. Nxd7 Kxd7 17. Qc2 Nxb4 18. axb4 Bxb4+ 19. Ke2 Bd6 20. g3 Qh6 21.
Bg2 Qh5 22. Rhe1 Rf8 23. Qc6+ Ke7 24. Rb1 Rc7 25. Rb7 Rfc8 26. Qxa6 Kd8 27.
Qxd6+ 1-0

[Event "I Torneo Puente Foral"]
[Site "?"]
[Date "2006.12.05"]
[Round "3.2"]
[White "Arjol Etxeberria, David"]
[Black "Fournier, Camille"]
[Result "1-0"]
[WhiteElo "2073"]
[BlackElo "2091"]
[PlyCount "59"]
[EventDate "2006.12.04"]

1. e4 c6 2. Nc3 d5 3. Qf3 d4 4. Bc4 e6 5. Nb1 Nd7 6. Qg3 Nb6 7. Bb3 a5 8. a3 a4
9. Ba2 Nf6 10. d3 h6 11. Ne2 g6 12. f4 h5 13. h3 h4 14. Qf2 c5 15. Nd2 Be7 16.
Nf3 Nh5 17. O-O Ng7 18. Bd2 Bd7 19. Rac1 Bb5 20. Bb1 Bf6 21. c3 dxc3 22. Bxc3
Rc8 23. Rfd1 Rh5 24. Bxf6 Qxf6 25. e5 Qe7 26. Nc3 Bc6 27. Ne4 Bxe4 28. dxe4 Nd7
29. Bd3 b6 30. Bb5 1-0

[Event "I Torneo Puente Foral"]
[Site "?"]
[Date "2006.12.04"]
[Round "2.2"]
[White "Cuartas, Jaime Alexander"]
[Black "Ducret, Thomas"]
[Result "1-0"]
[WhiteElo "2477"]
[BlackElo "2206"]
[PlyCount "107"]
[EventDate "2006.12.04"]

1. e4 c5 2. c3 e6 3. d4 d5 4. e5 Nc6 5. Nf3 Bd7 6. Be3 Qb6 7. Qd2 f6 8. Bd3
fxe5 9. dxe5 Qc7 10. Bf4 Nh6 11. O-O Nf7 12. Re1 O-O-O 13. Na3 g6 14. Nc2 Bg7
15. Qe3 b6 16. Ba6+ Kb8 17. b4 c4 18. a4 h6 19. Ncd4 Nxd4 20. Nxd4 g5 21. Bg3
h5 22. h3 Rdg8 23. a5 h4 24. Bh2 g4 25. hxg4 Bh6 26. Qe2 Ng5 27. f3 h3 28. g3
Rf8 29. f4 Ne4 30. g5 Bxg5 31. fxg5 Rf2 32. Qxf2 Nxf2 33. Kxf2 Rg8 34. Re3 Rxg5
35. Rf3 Qxe5 36. Rf8+ Kc7 37. Re1 Qg7 38. Nxe6+ Bxe6 39. g4+ Kd7 40. Bb5+ Ke7
41. Re8+ Kf7 42. R8xe6 Qxc3 43. Be8+ Kg8 44. Bh5 Qd4+ 45. Kf3 Rxh5 46. gxh5
Qd3+ 47. Kg4 Qd4+ 48. Kxh3 Qd3+ 49. Kg4 Qd4+ 50. Kg5 Qd2+ 51. Bf4 Qg2+ 52. Kf5
Qh3+ 53. Kg6 Qd3+ 54. R1e4 1-0

[Event "I Torneo Puente Foral"]
[Site "?"]
[Date "2006.12.04"]
[Round "2.3"]
[White "Rada Equiza, Miguel"]
[Black "Navarrete Delgado, Sergio"]
[Result "0-1"]
[WhiteElo "2258"]
[BlackElo "2211"]
[PlyCount "64"]
[EventDate "2006.12.04"]

1. e4 c5 2. Nf3 d6 3. c3 Nc6 4. Be2 Nf6 5. d4 cxd4 6. cxd4 Nxe4 7. d5 Qa5+ 8.
Nc3 Nxc3 9. bxc3 Ne5 10. Nxe5 dxe5 11. O-O Bd7 12. Rb1 b6 13. Bf3 Rd8 14. Qe2
f6 15. Be4 g6 16. f4 f5 17. fxe5 fxe4 18. e6 Qxd5 19. exd7+ Rxd7 20. Be3 Bg7
21. Rbd1 Qc6 22. Rxd7 Qxd7 23. Rd1 Qc6 24. Qf2 Bf6 25. Bh6 Qc5 26. Qxc5 bxc5
27. Kf2 Bxc3 28. Ke3 Bd4+ 29. Kxe4 Kd7 30. Bg7 Rb8 31. a3 Ke6 32. Bxd4 Rd8 0-1

[Event "I Torneo Puente Foral"]
[Site "?"]
[Date "2006.12.04"]
[Round "2.4"]
[White "Huerga Leache, Mikel"]
[Black "Navarro Cia, Miguel"]
[Result "1/2-1/2"]
[WhiteElo "2315"]
[BlackElo "2297"]
[PlyCount "51"]
[EventDate "2006.12.04"]

1. e4 c5 2. Nf3 Nc6 3. d4 cxd4 4. Nxd4 Qc7 5. Nc3 e6 6. g3 a6 7. Bg2 d6 8. O-O
Bd7 9. a4 Be7 10. Nxc6 Bxc6 11. Be3 Nf6 12. a5 Rc8 13. f4 O-O 14. g4 d5 15. Bb6
Qb8 16. e5 Nd7 17. Bd4 Qc7 18. g5 Bb4 19. f5 exf5 20. Nxd5 Bxd5 21. Bxd5 Nxe5
22. Rxf5 Nc6 23. Bb6 Qe7 24. Bg2 Nd8 25. Kh1 Ne6 26. Qe2 $11 1/2-1/2

[Event "I Torneo Puente Foral"]
[Site "?"]
[Date "2006.12.04"]
[Round "2.5"]
[White "Mindeguia Guruceaga, Juan J"]
[Black "Gonzalez Menendez, Ivan"]
[Result "1-0"]
[WhiteElo "2207"]
[BlackElo "2420"]
[PlyCount "63"]
[EventDate "2006.12.04"]

1. e4 e6 2. d4 d5 3. Nd2 Nf6 4. e5 Nfd7 5. Bd3 c5 6. c3 Nc6 7. Ne2 cxd4 8. cxd4
f6 9. Nf4 Nxd4 10. Qh5+ Ke7 11. exf6+ Nxf6 12. Ng6+ hxg6 13. Qxh8 Kf7 14. O-O
e5 15. Nf3 Nxf3+ 16. gxf3 Nh5 17. Bxg6+ Kxg6 18. Kh1 Nf6 19. Rg1+ Kf7 20. Rxg7+
Ke6 21. f4 Qe8 22. f5+ Kd6 23. Rg6 Kc7 24. Qxf6 Bd7 25. Bh6 Bc6 26. Bxf8 Qxf8
27. Qxe5+ Kb6 28. Qd4+ Ka6 29. Rc1 Re8 30. Qa4+ Kb6 31. Rgxc6+ bxc6 32. Qxc6+
1-0

[Event "I Torneo Puente Foral"]
[Site "?"]
[Date "2006.12.04"]
[Round "2.1"]
[White "Martinez Salas, Imanol"]
[Black "Argaya Urdaniz, Miguel"]
[Result "1/2-1/2"]
[WhiteElo "1956"]
[BlackElo "2054"]
[PlyCount "76"]
[EventDate "2006.12.04"]

1. e4 e5 2. Nf3 Nc6 3. Bb5 a6 4. Ba4 Nf6 5. Qe2 b5 6. Bb3 Bc5 7. c3 O-O 8. O-O
d6 9. h3 h6 10. Rd1 Re8 11. d3 d5 12. exd5 Nxd5 13. Qe4 Be6 14. Nxe5 Nxc3 15.
Nxc6 Nxe4 16. Nxd8 Bxb3 17. axb3 Bxf2+ 18. Kf1 Raxd8 19. Nc3 Nxc3 20. bxc3 Bg3
21. d4 c5 22. Rxa6 cxd4 23. c4 bxc4 24. bxc4 Re5 25. Bd2 Rde8 26. Ra3 Rf5+ 27.
Rf3 Rxf3+ 28. gxf3 Rc8 29. Rc1 Bd6 30. Ke2 Bc5 31. Kd3 f5 32. Rb1 Kf7 33. Rb5
Kf6 34. h4 g5 35. hxg5+ hxg5 36. Be1 g4 37. fxg4 fxg4 38. Bf2 Ke6 1/2-1/2

[Event "I Torneo Puente Foral"]
[Site "?"]
[Date "2006.12.04"]
[Round "2.3"]
[White "Burguete Archel, Eduardo"]
[Black "Mombiela Martinez, Gonzalo"]
[Result "1-0"]
[WhiteElo "2151"]
[BlackElo "2109"]
[PlyCount "99"]
[EventDate "2006.12.04"]

1. e4 e6 2. d4 d5 3. e5 Nc6 4. Nf3 f6 5. Be2 Bd7 6. O-O Nge7 7. c4 f5 8. Nc3
Na5 9. b3 Nac6 10. Bg5 Qc8 11. Nh4 g6 12. Bf6 Rg8 13. Bf3 dxc4 14. bxc4 Nd8 15.
Rb1 Kf7 16. d5 Bg7 17. Qd4 Re8 18. Bxg7 Kxg7 19. g4 Rf8 20. g5 a6 21. Ng2 Rb8
22. Be2 Nf7 23. f4 Rd8 24. Ne3 Kg8 25. Bf3 Kf8 26. Rfd1 Kg8 27. a4 Re8 28. a5
Nd8 29. Rd2 Rf8 30. Nc2 Re8 31. Qe3 Kg7 32. Nd4 c5 33. Nde2 Rf8 34. Nc1 Nf7 35.
Nd3 exd5 36. cxd5 c4 37. Nc5 Nxg5 38. fxg5 f4 39. Qf2 Bf5 40. Be4 Bh3 41. e6
Nf5 42. Nd7 Qc7 43. Nxb8 Rxb8 44. Bxf5 Bxf5 45. Qd4+ Kg8 46. Re1 Qe7 47. Qxf4
Qc5+ 48. Qe3 Qxa5 49. d6 Bd3 50. e7 1-0

[Event "I Torneo Puente Foral"]
[Site "?"]
[Date "2006.12.04"]
[Round "2.1"]
[White "Argandoña Salinas, Gorka"]
[Black "Iza Abete, Amaia"]
[Result "1/2-1/2"]
[WhiteElo "2105"]
[BlackElo "2025"]
[PlyCount "45"]
[EventDate "2006.12.04"]

1. d4 Nf6 2. c4 e6 3. Nc3 d5 4. Bg5 Be7 5. Nf3 O-O 6. e3 Nbd7 7. cxd5 exd5 8.
Bd3 Re8 9. Qc2 Nf8 10. h3 c6 11. a3 Ne4 12. Bf4 Nxc3 13. bxc3 g6 14. O-O Ne6
15. Bh2 Ng7 16. Rfe1 Bf5 17. e4 dxe4 18. Bxe4 Bd6 19. Bxf5 Bxh2+ 20. Kxh2 Qd6+
21. Kg1 Nxf5 22. Ne5 Re7 23. Qb3 1/2-1/2

[Event "I Torneo Puente Foral"]
[Site "?"]
[Date "2006.12.04"]
[Round "2.2"]
[White "Ojer Lora, Iker"]
[Black "Arjol Etxeberria, David"]
[Result "0-1"]
[WhiteElo "2123"]
[BlackElo "2073"]
[PlyCount "68"]
[EventDate "2006.12.04"]

1. e4 c5 2. a3 e6 3. b4 cxb4 4. axb4 Bxb4 5. Bb2 Nf6 6. e5 Ng8 7. Qg4 Bf8 8.
Ba3 Nh6 9. Qa4 Bxa3 10. Rxa3 Nc6 11. Nf3 d5 12. Nc3 O-O 13. Qb3 a6 14. Na2 b5
15. Qc3 Bb7 16. d4 Qe7 17. Rb3 f6 18. Nb4 Na5 19. Rb1 Nc4 20. Nd3 Rac8 21. Qb3
Nf5 22. Be2 fxe5 23. Ndxe5 Nxe5 24. dxe5 d4 25. O-O Rc3 26. Qa2 Rfc8 27. Rfc1
Kh8 28. Ne1 b4 29. Qa4 a5 30. Qxa5 b3 31. Rb2 Qg5 32. Qa1 Be4 33. f3 Qe3+ 34.
Kf1 Bd5 0-1

[Event "I Torneo Puente Foral"]
[Site "?"]
[Date "2006.12.04"]
[Round "2.3"]
[White "Fournier, Camille"]
[Black "Zamarbide Iñarrea, Daniel"]
[Result "0-1"]
[WhiteElo "2091"]
[BlackElo "2015"]
[PlyCount "68"]
[EventDate "2006.12.04"]

1. Nf3 Nf6 2. c4 g6 3. Nc3 Bg7 4. e4 c5 5. g3 Nc6 6. Bg2 O-O 7. O-O Ne8 8. d3
Nc7 9. Be3 Ne6 10. Qd2 Ned4 11. Ne1 Rb8 12. f4 d6 13. Rb1 Bd7 14. Nf3 Qa5 15.
a3 b5 16. cxb5 Nxb5 17. Nd5 Qxd2 18. Bxd2 Nbd4 19. b4 Nxf3+ 20. Bxf3 Bd4+ 21.
Kg2 e6 22. b5 exd5 23. bxc6 Bxc6 24. exd5 Ba4 25. Rfc1 Rxb1 26. Rxb1 Bc2 27.
Rb7 Bxd3 28. Rxa7 Rb8 29. Kh3 Bf1+ 30. Kg4 h5+ 31. Kg5 Kg7 32. f5 Bf6+ 33. Kf4
g5+ 34. Ke3 Bd4+ 0-1

[Event "I Torneo Puente Foral"]
[Site "?"]
[Date "2006.12.04"]
[Round "2.2"]
[White "Monje Peinado, Roberto"]
[Black "Sola Plaza, Gregorio"]
[Result "1/2-1/2"]
[WhiteElo "2066"]
[BlackElo "2102"]
[PlyCount "102"]
[EventDate "2006.12.04"]

1. d4 Nf6 2. c4 Nc6 3. Nf3 e6 4. a3 d6 5. Nc3 g6 6. Bf4 Bg7 7. e3 O-O 8. Be2
Re8 9. O-O Qe7 10. Bg3 a5 11. Qc2 e5 12. dxe5 Nxe5 13. Nxe5 dxe5 14. Bh4 h6 15.
Nd5 Qd8 16. Rfd1 Bf5 17. Qa4 Bd7 18. Nxf6+ Qxf6 19. Qxd7 Qxh4 20. Qxc7 e4 21.
g3 Qf6 22. Rd2 Re7 23. Qc5 Re5 24. Qc7 Re7 25. Qc5 Re5 26. Qd6 Re6 27. Qd7 Re7
28. Qb5 h5 29. c5 h4 30. Rc1 Qg5 31. c6 Qxb5 32. Bxb5 Rc7 33. Rd7 Rac8 34. Rxc7
Rxc7 35. a4 bxc6 36. Rxc6 Rxc6 37. Bxc6 Bxb2 38. Bxe4 hxg3 39. fxg3 Bc1 40. Kf2
Kg7 41. g4 g5 42. Bc6 f6 43. Kf3 Kf7 44. Ke4 Ke7 45. Kd4 Bb2+ 46. Kc4 Bc1 47.
Kb5 Bd2 48. Be4 Be1 49. Bf5 Bd2 50. h3 Be1 51. e4 Kd6 1/2-1/2

[Event "I Torneo Puente Foral"]
[Site "?"]
[Date "2006.12.03"]
[Round "1.2"]
[White "Gonzalez Menendez, Ivan"]
[Black "Huerga Leache, Mikel"]
[Result "0-1"]
[WhiteElo "2420"]
[BlackElo "2315"]
[PlyCount "122"]
[EventDate "2006.12.04"]

1. e4 c5 2. Nf3 Nc6 3. d4 cxd4 4. Nxd4 e5 5. Nb5 a6 6. Nd6+ Bxd6 7. Qxd6 Qf6 8.
Qd1 Qg6 9. Nc3 Nge7 10. h4 h5 11. Bg5 d5 12. exd5 Nd4 13. Bd3 Bf5 14. O-O f6
15. Be3 Bxd3 16. cxd3 Nef5 17. Bxd4 Nxd4 18. f4 O-O 19. Ne4 Rac8 20. Rf2 exf4
21. Qa4 Nf5 22. Nc3 Ne3 23. Qxf4 Qxd3 24. Re1 Ng4 25. Rd2 Qc4 26. Qxc4 Rxc4 27.
Re6 Rd8 28. Re4 Rxe4 29. Nxe4 Kf8 30. Nc5 Rc8 31. Ne6+ Kf7 32. g3 Ne5 33. Kf2
g6 34. Ke2 Ke7 35. Nf4 $11 Kd6 36. Kf2 b5 37. Ke2 Rc4 38. Kf2 a5 39. Ke2 b4 40.
Kd1 Rc8 41. Rc2 Rh8 42. Rh2 a4 43. Re2 g5 44. hxg5 fxg5 45. Rxe5 gxf4 46. gxf4
h4 47. Re1 Kxd5 48. f5 h3 49. f6 h2 50. Rh1 Ke6 51. Ke2 Kxf6 52. Kf3 b3 53.
axb3 axb3 54. Kg2 Kg5 55. Kg3 Rh7 56. Kf3 Rh3+ 57. Kf2 Kg4 58. Kg2 Rg3+ 59. Kf2
Kh3 60. Rc1 Rg2+ 61. Kf3 Rg1 0-1

[Event "I Torneo Puente Foral"]
[Site "?"]
[Date "2006.12.03"]
[Round "1.5"]
[White "Ducret, Thomas"]
[Black "Tissir, Mohamed"]
[Result "0-1"]
[WhiteElo "2206"]
[BlackElo "2490"]
[PlyCount "162"]
[EventDate "2006.12.04"]

1. Nf3 Nf6 2. c4 g6 3. d4 Bg7 4. Nc3 O-O 5. e3 c5 6. Be2 cxd4 7. exd4 d5 8. h3
Nc6 9. O-O Bf5 10. Be3 dxc4 11. Bxc4 Rc8 12. Be2 Nd5 13. Nxd5 Qxd5 14. Qa4 a6
15. Rac1 Qd7 16. b3 Rfd8 17. d5 Qxd5 18. Bb6 Re8 19. Bc4 Qd6 20. Rfd1 Qb4 21.
Qxb4 Nxb4 22. g4 Nxa2 23. gxf5 Nxc1 24. fxg6 Rxc4 25. gxf7+ Kxf7 26. bxc4 Ne2+
27. Kf1 Nc3 28. Rd7 Na4 29. Be3 Rc8 30. Ng5+ Kg6 31. Ne6 Bf6 32. Rxb7 Rxc4 33.
Ra7 Rc6 34. Nc7 Nc5 35. Nd5 Nd3 36. Nxe7+ Bxe7 37. Rxe7 Nb4 38. Re5 Nc2 39. Ba7
Na3 40. Ke2 Nc4 41. Rc5 Re6+ 42. Kf3 Ne5+ 43. Kg2 Nd3 44. Ra5 Kf7 45. Be3 Ne5
46. Rc5 Nc6 47. h4 Ne5 48. Rc7+ Re7 49. Rxe7+ Kxe7 50. Kg3 Ke6 51. Kf4 a5 52.
Ke4 Nc4 53. Bd4 a4 54. Kf4 a3 55. Kg5 Nd6 56. Ba1 Kf7 57. f3 Nc4 58. Kh6 Kg8
59. f4 Ne3 60. Bc3 a2 61. Bb2 Nc4 62. Bc3 Nd6 63. Ba1 Nf7+ 64. Kh5 Nd6 65. Kh6
Nf7+ 66. Kh5 Kf8 67. f5 Ke7 68. Kg4 Nd6 69. Kg5 Kf7 70. Bd4 h6+ 71. Kg4 Ne4 72.
Ba1 Kg8 73. f6 Kf7 74. Kf5 Nd6+ 75. Kg4 Kg6 76. h5+ Kf7 77. Kf4 Nc4 78. Ke4
Nd2+ 79. Kd3 Nb3 80. Kc2 Nxa1+ 81. Kb2 Kxf6 0-1

[Event "I Torneo Puente Foral"]
[Site "?"]
[Date "2006.12.03"]
[Round "1.3"]
[White "Navarro Cia, Miguel"]
[Black "Rada Equiza, Miguel"]
[Result "1-0"]
[WhiteElo "2297"]
[BlackElo "2258"]
[PlyCount "71"]
[EventDate "2006.12.04"]

1. e4 e5 2. Nf3 Nc6 3. Bb5 a6 4. Ba4 Nf6 5. O-O b5 6. Bb3 Bc5 7. a4 Rb8 8. axb5
axb5 9. Nxe5 Nxe5 10. d4 Bxd4 11. Qxd4 d6 12. f4 Nc6 13. Qc3 Bb7 14. e5 Ne4 15.
Qe3 Ne7 16. Nc3 Nxc3 17. bxc3 O-O 18. f5 dxe5 19. f6 gxf6 20. Ba3 Ra8 21. Rad1
Qe8 22. Qc5 Rxa3 23. Qxa3 Qc6 24. Rd2 Ng6 25. Bd5 Qb6+ 26. Kh1 Qe3 27. Qc1 c6
28. Bxf7+ Kg7 29. Bxg6 Kxg6 30. Rf3 Qb6 31. Rg3+ Kf7 32. Qd1 Bc8 33. Qh5+ Ke6
34. Qh3+ f5 35. Qh6+ Rf6 36. Rd6+ 1-0

[Event "I Torneo Puente Foral"]
[Site "?"]
[Date "2006.12.03"]
[Round "1.1"]
[White "Mindeguia Guruceaga, Juan J"]
[Black "Rizouk, Aimen"]
[Result "0-1"]
[WhiteElo "2207"]
[BlackElo "2438"]
[PlyCount "80"]
[EventDate "2006.12.04"]

1. e4 c5 2. Nf3 d6 3. d4 cxd4 4. Nxd4 Nf6 5. f3 Nc6 6. c4 Qb6 7. Nc2 e6 8. Nc3
a6 9. Rb1 Be7 10. Be3 Qc7 11. Be2 Ne5 12. Qd4 Bd7 13. f4 Ng6 14. O-O Nxf4 15.
Bxf4 e5 16. Qd2 exf4 17. Qxf4 Be6 18. Ne3 O-O 19. Nf5 Rfe8 20. Kh1 Bf8 21. Rbc1
Rad8 22. Nd5 Bxd5 23. cxd5 Qd7 24. Nh6+ Kh8 25. Bd3 Re5 26. Nf5 Rde8 27. Ng3
Be7 28. Rc4 g6 29. Rfc1 Bd8 30. Rc8 Kg7 31. h3 Bb6 32. Rxe8 Qxe8 33. Nf5+ Rxf5
34. exf5 Be3 35. Qf1 Nh5 36. Qe1 Qe5 37. g4 Qxd5+ 38. Kh2 Bf4+ 39. Kg1 Bxc1 40.
Qc3+ Nf6 0-1

[Event "I Torneo Puente Foral"]
[Site "?"]
[Date "2006.12.03"]
[Round "1.4"]
[White "Navarrete Delgado, Sergio"]
[Black "Cuartas, Jaime Alexander"]
[Result "0-1"]
[WhiteElo "2211"]
[BlackElo "2477"]
[PlyCount "106"]
[EventDate "2006.12.04"]

1. e4 c6 2. d4 d5 3. Nc3 dxe4 4. Nxe4 Nd7 5. Nf3 Ngf6 6. Nxf6+ Nxf6 7. Ne5 Be6
8. Be2 g6 9. O-O Bg7 10. c4 O-O 11. Be3 Nd7 12. f4 Nxe5 13. fxe5 f6 14. exf6
exf6 15. Qc2 Re8 16. Bf2 Qd7 17. Bf3 Qf7 18. b3 Bf5 19. Qc3 Be4 20. Bxe4 Rxe4
21. Rae1 Rae8 22. Rxe4 Rxe4 23. Re1 Qe6 24. Rxe4 Qxe4 25. Qe1 $11 Qxe1+ 26.
Bxe1 f5 27. Bf2 Kf7 28. Kf1 Ke6 29. Ke2 f4 30. Kd3 Kf5 31. d5 cxd5 32. Bxa7
dxc4+ 33. Kxc4 g5 34. Kd3 Bf8 35. a4 g4 36. Bd4 h5 37. Bf2 Bb4 38. Kc4 Bd2 39.
Kd3 Ba5 40. Bc5 h4 41. b4 Bc7 42. a5 h3 43. gxh3 gxh3 44. Bg1 Bd8 45. Bf2 Bc7
46. Bg1 f3 47. Ke3 Kg4 48. Kf2 Kf4 49. Kf1 Kf5 50. Bb6 Bxh2 51. b5 Bf4 52. Kg1
Ke4 53. a6 Be3+ 0-1

[Event "I Torneo Puente Foral"]
[Site "?"]
[Date "2006.12.03"]
[Round "1.3"]
[White "Sola Plaza, Gregorio"]
[Black "Argaya Urdaniz, Miguel"]
[Result "1/2-1/2"]
[WhiteElo "2102"]
[BlackElo "2054"]
[PlyCount "92"]
[EventDate "2006.12.04"]

1. e4 e5 2. Nf3 Nc6 3. Bb5 a6 4. Bxc6 dxc6 5. O-O Bg4 6. h3 h5 7. d3 Qf6 8. Be3
Bxf3 9. Qxf3 Qxf3 10. gxf3 Bd6 11. Nd2 Ne7 12. Rfb1 g5 13. Kf1 f6 14. b4 Ng6
15. Ke2 Kd7 16. Nc4 Rhg8 17. a3 Rg7 18. Rh1 Nf4+ 19. Kd2 Rag8 20. Rag1 Ne6 21.
c3 c5 22. Nxd6 cxd6 23. Rb1 Kc6 24. a4 Ra8 25. bxc5 dxc5 26. a5 b5 27. axb6 Rb7
28. h4 Rh8 29. Kc2 Rxb6 30. Rxb6+ Kxb6 31. Rb1+ Kc6 32. Ra1 Ra8 33. Rh1 gxh4
34. Rxh4 Rh8 35. f4 Nxf4 36. Bxf4 exf4 37. Rxf4 Rh6 38. Rh4 Kb5 39. d4 cxd4 40.
cxd4 Kc4 41. d5 f5 42. d6 fxe4 43. d7 Rd6 44. Rxe4+ Kd5 45. Rh4 Rxd7 46. Rxh5+
Ke4 1/2-1/2